Statistics for Science: Elements That Start with "C"

Click here to take the quiz!

General Stats

  • This quiz has been taken 59 times
  • The average score is 9 of 12

Answer Stats

#Answer% Correct
6Carbon
100%
17Chlorine
89%
20Calcium
87%
29Copper
84%
27Cobalt
78%
55Cesium
76%
24Chromium
71%
98Californium
69%
48Cadmium
58%
96Curium
56%
58Cerium
49%
112Copernicium
47%

Score Distribution

Percentile by Number Answered

Percent of People with Each Score

Your Score History

You have not taken this quiz